000 00356nam a22001457a 4500
003 OSt
005 20160727222447.0
008 160704b xxu||||| |||| 00| 0 eng d
040 _cTEST
100 _91956
_a Flatow, I
245 _aRainbows, Curve Balls
260 _aN.Y
_b William morrow & sons
_c1988
300 _aRainbows, Curve Balls
942 _2ddc
_cBK
999 _c1658
_d1658